Country-Capital Ratios Quiz Stats

 Plays Quiz Updated Jan 10, 2019

Challenge
Share
Tweet
Embed
Score 0/30 Timer 06:00
1 Play Today
% of pop. in capital Country % Correct
01.74%United States (310,232,863)
86.2%
100%Vatican City (826)
85.3%
01.65%China (1,330,141,295)
82.3%
03.35%Canada (33,759,742)
77.6%
01.18%India (1,173,108,018)
76.2%
01.72%Brazil (201,103,330)
76.1%
100%Monaco (30,586)
75.3%
01.64%Australia (21,515,754)
71.9%
100%Singapore (4,701,069)
62.2%
00.66%Pakistan (184,404,791)
48.6%
00.51%Nigeria (152,217,341)
45.2%
50.37%South Korea (48,636,068)
40.7%
65.34%Iceland (308,910)
39.6%
90.53%Malta (406,771)
37.4%
58.86%Qatar (1,696,563)
33.8%
% of pop. in capital Country % Correct
85.33%Kuwait (2,789,132)
33%
69.87%Brunei (395,027)
26.3%
01.16%Palau (21,516)
25.4%
64.19%Djibouti (740,528)
23%
01.73%Myanmar (53,414,374)
22.8%
80.20%The Bahamas (310,426)
22.7%
51.28%Uruguay (3,510,386)
19.1%
54.54%Lebanon (4,125,247)
18.9%
49.53%Latvia (2,217,969)
16.5%
49.93%Suriname (486,618)
16.1%
00.77%Tanzania (41,892,895)
15.1%
00.95%Côte d'Ivoire (21,058,798)
14.6%
04.25%Uganda (33,398,682)
12.5%
02.47%Benin (9,056,010)
11%
02.39%Burundi (9,863,117)
10.2%

You're not logged in!

Compare scores with friends on all Sporcle quizzes.
OR
Log In

You Might Also Like...

Show Comments

Extras

Top Quizzes Today


Score Distribution

Your Account Isn't Verified!

In order to create a playlist on Sporcle, you need to verify the email address you used during registration. Go to your Sporcle Settings to finish the process.

Report this User

Report this user for behavior that violates our Community Guidelines.

Details: